000 01980cam a22002774a 4500
001 12987859
005 20210414114130.0
008 021031s2003 nyua 001 0 eng
010 _a 2002040962
020 _a0072565942 (alk. paper)
040 _aDLC
_cDLC
_dDLC
042 _apcc
050 0 0 _aTK5105.888.H62
082 0 0 _a005.2/76
_221
100 1 _aHofstetter, Fred T.
_q(Fred Thomas),
_d1949-
245 1 0 _aAdvanced Web design. /
_cby Fred T. Hofstetter.
260 _aNew York :
_bMcGraw-Hill,
_c2003.
300 _axxii, 442 p. :
_bill. (some col.) ;
_c28 cm.
500 _aIncludes index.
505 _aContents: Elements of advanced web design -- Gaining access to advanced web servers -- Creating interactive content -- Visualizing the navigation -- Designing themes and styles -- Securing a web -- Socializing a web -- Commercializing a web -- Hello, world ! scripting project -- Variables and assignments -- Arrays, loops and comparisons -- Functions and includes -- Interaction, forms and cookies -- Document object model -- Javascript special effects -- Installing a database -- Database design principles -- Frontpage database wizards -- ActiveX data objects(ADO) -- Structured query language (SQL) -- Understanding .NET -- Installing visual studio .NET -- Creating the ASP. NET clock project -- Creating the topsecret database -- Listing users -- Adding users -- Updating users -- Deleting users -- Logging users in -- Creating top secret pages -- User controls -- Encoding data in XML -- XSL transformations -- Designing an XML schema -- XML modules -- XML web services -- Forming teams and managing projects -- Custom controls.
650 0 _aWeb site development.
650 0 _aWeb sites
_xDesign.
906 _a7
_bcbc
_corignew
_d1
_eocip
_f20
_gy-gencatlg
942 _2lcc
_cBK
999 _c2185
_d9685